Estudio prc̀tico de la Contabilidad Electrn̤ica

Bibliographic Details
Main Author: Hernǹdez Rodrg̕uez, Jess︢
Other Authors: Galindo Cosme, Mn̤ica Isela
Format: eBook
Language:Spanish
Published: Mx̌ico D.F: Ediciones Fiscales ISEF, 2014
Subjects:
Online Access:Acceso restringido

MARC

LEADER 00000nam a22000007a 4500
005 20141105152954.0
007 cr|||| ||||
008 141105s2014 mx |||||s|||| 00||0 spa d
020 |a 978-368-726-803-1 
035 |a 12514 
040 |a vLex 
090 |c 5275  |d 5275 
100 1 |a Hernǹdez Rodrg̕uez, Jess︢ 
245 1 0 |a Estudio prc̀tico de la Contabilidad Electrn̤ica  |h [Recurso electrn̤ico] /  |c Jess︢ Hernǹdez Rodrg̕uez, Mn̤ica Isela Galindo Cosme  
256 |a Servicio en ln̕ea 
260 |a Mx̌ico D.F:  |b Ediciones Fiscales ISEF,  |c 2014 
300 |a 1 recurso electrn̤ico 
506 |a Contenido disponible en los productos indicados  |d vLex Global  |d vLex Global (Academic Edition, excluding Law Schools)  |d vLex Global (U.S. Academic Edition, Law Schools)  |d vLex Global (U.S. Academic Edition, excluding Law Schools)  |d vLex Global (Academic Edition, Law Schools) 
650 0 4 |a Contabilidad   |z Mx̌ico 
700 1 |a Galindo Cosme, Mn̤ica Isela  
740 0 |a vLex Libros (Servicio en ln̕ea) 
856 4 0 |u http://vlex.com/source/estudio-practico-contabilidad-electronica-12514  |z Acceso restringido 
942 |c BOOK 
999 0 |a Accounting